| 000 | 00418 a2200157 4500 | ||
|---|---|---|---|
| 005 | 20250122102556.0 | ||
| 008 | 241016b |||||||| |||| 00| 0 eng d | ||
| 020 | _a9789389053067 | ||
| 080 |
_a159.923 _bCAR/H |
||
| 100 | _aCarnegie,Dale | ||
| 245 | _aHow to win friends and influence people | ||
| 260 |
_bPenguin Books _aNew Delhi _c2021 |
||
| 300 | _a292p. | ||
| 653 | _a Self Help-Self Development | ||
| 942 | _cBK | ||
| 999 |
_c112502 _d112501 |
||